000 00449nam a2200169 i 4500
001 bg
100 1 _aMARTIN, James
245 0 _aWprowadzenie do transmisji danych :
_btłum. z ang. /
_cJames Martin.
260 _aWarszawa :
_bWNT,
_c1975.
650 9 _aTransmisja danych
655 _aPodręczniki akademickie
040 _cBPK
041 _apol
080 _a004.7:004.042](075.8)
942 _cKS
008 s pl f |000 0 pol
999 _c16206
_d16206
856 _uhttp://koha.tu.koszalin.pl/cgi-bin/koha/opac-detail.pl?biblionumber=16206
_yKatalog online BPK